Domestic frontiers : (Record no. 117091)
[ view plain ]
| 000 -LEADER | |
|---|---|
| fixed length control field | 01098cam a2200265 i 4500 |
| 001 - CONTROL NUMBER | |
| control field | 17413746 |
| 005 - DATE AND TIME OF LATEST TRANSACTION | |
| control field | 20200218115800.0 |
| 008 - FIXED-LENGTH DATA ELEMENTS--GENERAL INFORMATION | |
| fixed length control field | 120802t20132013maua b s001 0 eng |
| 020 ## - INTERNATIONAL STANDARD BOOK NUMBER | |
| International Standard Book Number | 9781558499812 (paper : alkaline paper) |
| 040 ## - CATALOGING SOURCE | |
| Transcribing agency | PK-LaUMT |
| 082 00 - DEWEY DECIMAL CLASSIFICATION NUMBER | |
| Classification number | 266.02373056 |
| Edition number | 23 |
| Item number | REE-D |
| 100 1# - MAIN ENTRY--PERSONAL NAME | |
| Personal name | Reeves-Ellington, Barbara |
| 245 10 - TITLE STATEMENT | |
| Title | Domestic frontiers : |
| Remainder of title | gender, reform, and American interventions in the Ottoman Balkans and the Near East / |
| Statement of responsibility, etc | by Barbara Reeves-Ellington |
| 260 ## - PUBLICATION, DISTRIBUTION, ETC. (IMPRINT) | |
| Place of publication, distribution, etc | Amherst : |
| Name of publisher, distributor, etc | University of Massachusetts Press, |
| Date of publication, distribution, etc | 2013 |
| 300 ## - PHYSICAL DESCRIPTION | |
| Extent | xvi, 214 p. : |
| Other physical details | illustrations ; |
| Dimensions | 24 cm |
| 650 #0 - SUBJECT ADDED ENTRY--TOPICAL TERM | |
| Topical term or geographic name as entry element | Women missionaries |
| Geographic subdivision | Balkan Peninsula |
| General subdivision | History. |
| 650 #0 - SUBJECT ADDED ENTRY--TOPICAL TERM | |
| Topical term or geographic name as entry element | Women missionaries |
| Geographic subdivision | Turkey |
| General subdivision | History. |
| 650 #0 - SUBJECT ADDED ENTRY--TOPICAL TERM | |
| Topical term or geographic name as entry element | Missions, American |
| Geographic subdivision | Balkan Peninsula |
| General subdivision | History. |
| 650 #0 - SUBJECT ADDED ENTRY--TOPICAL TERM | |
| Topical term or geographic name as entry element | Missions, American |
| Geographic subdivision | Turkey |
| General subdivision | History. |
| 650 #0 - SUBJECT ADDED ENTRY--TOPICAL TERM | |
| Topical term or geographic name as entry element | Protestant churches |
| General subdivision | Missions |
| -- | History. |
| 650 #0 - SUBJECT ADDED ENTRY--TOPICAL TERM | |
| Topical term or geographic name as entry element | Sex role |
| General subdivision | Religious aspects |
| -- | Christianity |
| -- | History. |
| 650 #0 - SUBJECT ADDED ENTRY--TOPICAL TERM | |
| Topical term or geographic name as entry element | Home |
| General subdivision | Political aspects |
| Geographic subdivision | Balkan Peninsula |
| General subdivision | History. |
| 650 #0 - SUBJECT ADDED ENTRY--TOPICAL TERM | |
| Topical term or geographic name as entry element | Home |
| General subdivision | Political aspects |
| Geographic subdivision | Turkey |
| General subdivision | History. |
| 942 ## - ADDED ENTRY ELEMENTS (KOHA) | |
| Koha item type | Books |
| Withdrawn status | Lost status | Damaged status | Home library | Current library | Date acquired | Full call number | Barcode | Date last seen | Price effective from | Koha item type |
|---|---|---|---|---|---|---|---|---|---|---|
| UMT Main Campus | UMT Main Campus | 2020-02-18 | 266.02373056 REE-D | 133127 | 2020-02-18 | 2020-02-18 | Books |
